| 000 | 00783nam a2200229 i 4500 | ||
|---|---|---|---|
| 003 | DO-SdBNP | ||
| 005 | 20250806134317.0 | ||
| 007 | ta | ||
| 008 | 190814s1983 000 spa d | ||
| 040 |
_aDO-SdBNP _bspa _cBNPHU _erda |
||
| 041 | _aspa | ||
| 082 |
_axxx _bC357 _222 |
||
| 245 | 0 | 0 |
_aCatálogo de variedades de caña de azucar comerciales y semicomerciales : _bsu cultivo en los ingenios del Consejo Estata del Azùcarl |
| 264 | 1 |
_aSanto Domingo : _bUnidad de Divulgación y Documentación, _c1983. |
|
| 300 |
_a72 páginas : _bilustraciones ; _c23 cm |
||
| 336 |
_atexto _btexto _2rdacontent |
||
| 337 |
_asin mediación _bn _2rdamedia |
||
| 338 |
_avolumen _bnc _2rdacarrier |
||
| 590 | _aInventariado, 2020 / DG | ||
| 910 | _aInventariado, 2020 / DG | ||
| 942 |
_2ddc _cLBS1 |
||
| 999 |
_c48789 _d48789 |
||